000 00706nam a2200229 i 4500
001 61305
003 ES-MaACL
005 20230906181035.0
007 t|
008 031111s1973 sp ||||1| spa d
020 _a84-323-0114-0
100 1 _aEvans-Pritchard, E. E.
_948377
245 1 4 _aLas teorías de la religión primitiva /
_cE.E. Evans-Pritchard ; [traducción de Mercedes Abad y Carlos Piera].
250 _a[1ª ed.].
260 _a[Madrid] :
_bSiglo Veintiuno,
_c[1973]
300 _a200 p. ;
_c18 cm.
700 1 _aAbad, Mercedes,
_917909
700 1 _aPiera, Carlos
_991922
852 _aES-MaACL
_jC-55729
_bR.88180
852 _aES-MaACL
_jE-10996
_bR.134781
999 _c61305
_d61305